Salome Ureña : (Registro nro. 7774)

Detalles MARC
000 -LIDER
fixed length control field 01168nam a2200325 a 4500
001 - NÚMERO DE CONTROL
Identificador de número de control 000000795
003 - IDENTIFICACDOR DE NÚMERO DE CONTROL
control field DO-SdBNP
005 - DATE AND TIME OF LATEST TRANSACTION
control field 20180321145950.0
007 - CAMPOS FIJOS DE DESCRIPCIÓN FÍSICA
fixed length control field 000000795
008 - ELEMENTOS DE LONGITUD FIJA
fixed length control field 090509s2009 dr a 000 0 spa d
020 ## - ISBN
Canceled/invalid ISBN 999341011X
040 ## - FUENTE DE CATALOGACIÓN
Agencia que crea de manera original el registro BPMSU
Idioma de catalogación spa
Agencia que realiza la transcripción BPMSU
082 #4 - NÚMERO DE CLASIFICACIÓN DECIMAL DE DEWEY
Classification number 923.77293
Item number U75C, 2009
100 1# - ASIENTO PRINCIPAL -- NOMBRE PERSONAL
Nombre personal Cassá, Roberto
Fechas asociadas con el nombre 1948-
245 10 - MENCIÓN DE TITULO
Título Salome Ureña :
Subtítulo mujer total /
Mención de responsabilidad Roberto Cassá.
250 ## - MENCIÓN DE EDICION
Mención de edición 3a ed.
260 ## - PUBLICACIÓN, DISTRIBUCIÓN, ETC. (PIE DE IMPRENTA)
Lugar de publicación, distribución, etc Santo Domingo :
Nombre del editor, distribuidor, etc. Tobogán,
Fecha de publicación, distribución, etc 2009
300 ## - DESCRIPCIÓN FÍSICA
Extensión 53 p. :
Otros detalles físicos il. ;
Dimensiones 21 cm.
490 1# - MENCIÓN DE SERIES
Mención de serie Biografías dominicanas Topogán
504 ## - NOTA DE BIBLIOGRAFÍA, ETC.
Bibliography, etc Bibliografía : p. 53
505 0# - NOTA DE CONTENIDO
Título Entre padre poeta y tía maestra --
-- La revelación del genio --
-- La temática patriótica --
-- La poesía íntima --
-- El Instituto de Señoritas --
-- El momento lírico.
600 14 - ENCABEZAMIENTO DE MATERIA--NOMBRE PERSONAL
Nombre personal UREÑA DE HENRÍQUEZ, SALOMÉ,
Fechas asociadas con el nombre 1850-1897
830 #0 - ASIENTO SECUNDARIO DE SERIE--TÍTULO UNIFORME
Título uniforme Biografías dominicanas Topogán
910 ## - VALIDACIÓN
Validación Validado. Control de calidad BNPHU
942 ## - ADDED ENTRY ELEMENTS (KOHA)
Source of classification or shelving scheme Dewey Decimal Classification
Koha item type Libros
945 ## - INFORMACIÓN DE PROCESAMIENTO LOCAL
Información de procesamiento local Remanejado para la BNPHU / BT
956 ## - LOCAL ELECTRONIC LOCATION AND ACCESS (OCLC)
Nombre de host BTAVAREZ
Número de acceso 10
Información de compresión 20090727
Inicio de sesión BND01
Procesador de solicitud 1435
956 ## - LOCAL ELECTRONIC LOCATION AND ACCESS (OCLC)
Nombre de host MFILETO
Número de acceso 10
Información de compresión 20090828
Inicio de sesión BND01
Procesador de solicitud 1526
956 ## - LOCAL ELECTRONIC LOCATION AND ACCESS (OCLC)
Nombre de host VMATEO
Número de acceso 10
Información de compresión 20150501
Inicio de sesión BMET02
Procesador de solicitud 00151
Existencias
Withdrawn status Lost status Source of classification or shelving scheme Damaged status Not for loan Collection code Home library Current library Date acquired Total Checkouts Full call number Barcode Date last seen Price effective from Koha item type Copy number
    Dewey Decimal Classification     Colección Dominicana Biblioteca Pública Metropolitana Salomé Ureña Biblioteca Pública Metropolitana Salomé Ureña 05/01/2015   923.77293 U75C 2009 BPMSU15051513 05/01/2015 05/01/2015 Libros  
    Dewey Decimal Classification     Colección Dominicana Biblioteca Pública Metropolitana Salomé Ureña Biblioteca Pública Metropolitana Salomé Ureña 05/01/2015   923.77293 U75C 2009 BPMSU15051514 05/01/2015 05/01/2015 Libros e. 2
    Dewey Decimal Classification     Colección Dominicana Biblioteca Pública Metropolitana Salomé Ureña Biblioteca Pública Metropolitana Salomé Ureña 05/01/2015   923.77293 U75C 2009 BPMSU15051515 05/01/2015 05/01/2015 Libros e. 3
    Dewey Decimal Classification     Colección Dominicana Biblioteca Pública Metropolitana Salomé Ureña Biblioteca Pública Metropolitana Salomé Ureña 05/01/2015   923.77293 U75C 2009 BPMSU15051516 05/01/2015 05/01/2015 Libros ej. 4
    Dewey Decimal Classification     Colección Dominicana Biblioteca Pública Metropolitana Salomé Ureña Biblioteca Pública Metropolitana Salomé Ureña 05/01/2015   923.77293 U75C 2009 BPMSU15051517 05/01/2015 05/01/2015 Libros ej. 5